|
|
|
|
| LEADER |
00000nab a2200000 a 4500 |
| 001 |
vtls010427028 |
| 003 |
SK-MaSNL |
| 005 |
20260304040443.0 |
| 008 |
140619c2012 xo qr|p||| |000 b|slo |
| 015 |
|
|
|a SNBRB2012/05
|
| 038 |
|
|
|a SPK
|
| 040 |
|
|
|a SPKCL
|b slo
|c AACR2
|e AACR2
|
| 041 |
0 |
|
|a slo
|
| 044 |
|
|
|a xo
|c SK
|
| 072 |
|
7 |
|a 159.9
|x Psychológia
|2 konspekt
|
| 072 |
|
7 |
|a 06
|x Organizácie všeobecnej povahy
|2 konspekt
|
| 080 |
|
|
|a 159.9.072.5-053.2
|2 2001
|
| 080 |
|
|
|a 061.3
|x (437.1/.3)
|2 2001
|
| 100 |
1 |
|
|a Dočkal, Vladimír,
|d 1952-
|4 aut
|9 5006
|
| 245 |
1 |
0 |
|a Problémy psychodiagnostiky detí a mládeže
|c Vladimír Dočkal
|
| 650 |
0 |
7 |
|a psychodiagnostika
|2 snkbucl
|9 69333
|
| 650 |
0 |
7 |
|a deti a mládež
|2 snkbucl
|9 774
|
| 650 |
0 |
7 |
|a konferencie
|2 snkbucl
|9 19221
|
| 650 |
0 |
7 |
|a príspevky
|2 snkbucl
|9 878241
|
| 651 |
|
7 |
|a Česko
|2 snkbucl
|9 16753
|
| 773 |
0 |
|
|t Psychológia a patopsychológia dieťaťa
|g Roč. 46, č. 1 (2012), s. 77-81
|x 0555-5574
|
| 852 |
|
|
|a SPK
|b KIS3GCP
|
| 856 |
4 |
1 |
|u www.elis.sk
|
| 999 |
|
|
|c 2663413
|d 2665343
|